| 000 | 01733nam a2200241Ia 4500 | ||
|---|---|---|---|
| 003 | Ost | ||
| 005 | 20260507074904.0 | ||
| 008 | 260507s9999||||xx |||||||||||||| ||und|| | ||
| 020 | _a9775673399 | ||
| 040 | _cfsecg | ||
| 041 | _aara | ||
| 082 | _a658.4013 | ||
| 100 |
_aيوسف، محمد محمود _eمؤلف |
||
| 245 | 0 |
_aالبعد الإستراتيجي لتقييم الأداء المتوازن / _c محمد محمود يوسف |
|
| 260 |
_aالقاهرة: _bمنشورات المنظمة العربية للتنمية الإدارية, _c2005 |
||
| 300 |
_a243 صفحة؛ _bإيضاحات ؛ _c24 سم |
||
| 490 |
_aسلسلة بحوث ودراسات _v396 |
||
| 504 | _aببليوغرافيا: ص.237 | ||
| 520 | _aيضم التحليل المالي وتقييم الأداء، الإطار العام للتحليل المالي، طرق وأساليب التحليل المالي، تطبيقات ومحددات استخدام التحليل المالي، النماذج المعاصرة للتقييم مؤسسي الاداء، الأداء المؤسسي واتجاهاته المعاصرة، التحليل المالي والبعد الإستراتيجي للتقييم المتوازن لأداء المؤسسة، المحاور الأساسية للتقييم المتوازن للأداء، مقاييس الأداء المتوازن واستراتيجية المؤسسة، برنامج إدارة المؤسسة لتطبيق نظام التقييم المتوازن للأداء، مراحل تطبيق التقييم المتوازن، بطاقة التقييم المتوازن للأداء | ||
| 653 | _aالإقتصاد التحليلي | ||
| 653 | _aتقييم الأداء | ||
| 942 | _cكتاب | ||
| 999 |
_c41678 _d41678 |
||